<?xml version="1.0" encoding="UTF-8"?>
<record
    xmlns:xsi="http://www.w3.org/2001/XMLSchema-instance"
    xsi:schemaLocation="http://www.loc.gov/MARC21/slim http://www.loc.gov/standards/marcxml/schema/MARC21slim.xsd"
    xmlns="http://www.loc.gov/MARC21/slim">

  <leader>00517nam a2200145   4500</leader>
  <controlfield tag="001">4384</controlfield>
  <controlfield tag="005">20181127173311.0</controlfield>
  <datafield tag="020" ind1="0" ind2="0">
    <subfield code="a"></subfield>
  </datafield>
  <datafield tag="090" ind1="0" ind2="0">
    <subfield code="a">248.27 A642m 2014</subfield>
  </datafield>
  <datafield tag="245" ind1="0" ind2="0">
    <subfield code="a">Metal products :</subfield>
    <subfield code="b">From the Himalayan kingdom of Bhutan catalogue - 2014 /</subfield>
    <subfield code="c">Agency for promotion of indigenous crafts. </subfield>
    <subfield code="h"></subfield>
  </datafield>
  <datafield tag="260" ind1="0" ind2="0">
    <subfield code="a">Thimphu :</subfield>
    <subfield code="b">Agency for promotion of indigenous crafts, Ministry of Economic Affairs, Thimphu.</subfield>
    <subfield code="c">2014.</subfield>
  </datafield>
  <datafield tag="300" ind1="0" ind2="0">
    <subfield code="a">197 p. ; 22 cm.</subfield>
  </datafield>
  <datafield tag="500" ind1="0" ind2="0">
    <subfield code="a"></subfield>
  </datafield>
  <datafield tag="650" ind1="0" ind2="0">
    <subfield code="a">Buddhist art and symbolism Bhutan Exhibitions.</subfield>
    <subfield code="x"></subfield>
  </datafield>
  <datafield tag="999" ind1=" " ind2=" ">
    <subfield code="c">3625</subfield>
    <subfield code="d">3625</subfield>
  </datafield>
  <datafield tag="952" ind1=" " ind2=" ">
    <subfield code="0">0</subfield>
    <subfield code="1">0</subfield>
    <subfield code="2">ddc</subfield>
    <subfield code="4">0</subfield>
    <subfield code="7">0</subfield>
    <subfield code="8">MAIN</subfield>
    <subfield code="a">RTCLIB</subfield>
    <subfield code="b">RTCLIB</subfield>
    <subfield code="c">MAIN</subfield>
    <subfield code="d">2021-07-02</subfield>
    <subfield code="h"> </subfield>
    <subfield code="i">7940</subfield>
    <subfield code="o">739 MET</subfield>
    <subfield code="p">30006866</subfield>
    <subfield code="r">2018-11-27 00:00:00</subfield>
    <subfield code="t">1</subfield>
    <subfield code="w">2018-11-27</subfield>
    <subfield code="y">MAIN</subfield>
  </datafield>
  <datafield tag="952" ind1=" " ind2=" ">
    <subfield code="0">0</subfield>
    <subfield code="1">0</subfield>
    <subfield code="2">ddc</subfield>
    <subfield code="4">0</subfield>
    <subfield code="7">0</subfield>
    <subfield code="8">MAIN</subfield>
    <subfield code="a">RTCLIB</subfield>
    <subfield code="b">RTCLIB</subfield>
    <subfield code="c">MAIN</subfield>
    <subfield code="d">2021-07-02</subfield>
    <subfield code="h"> </subfield>
    <subfield code="i">7683</subfield>
    <subfield code="o">739 MET</subfield>
    <subfield code="p">30008030</subfield>
    <subfield code="r">2018-11-27 00:00:00</subfield>
    <subfield code="t">2</subfield>
    <subfield code="w">2018-11-27</subfield>
    <subfield code="y">MAIN</subfield>
    <subfield code="z">Donated 2015/16</subfield>
  </datafield>
</record>
